[Event "Mitropa Cup 17th"]
[Site "Montecatini Terme"]
[Date "1997.??.??"]
[Round "2"]
[White "Forster, Richard"]
[Black "Neubauer, Martin"]
[Result "1-0"]
[WhiteElo "2460"]
[BlackElo "2315"]
[PlyCount "80"]
[EventDate "1997.11.07"]
[EventType "team-tourn"]
[EventRounds "9"]
[EventCountry "ITA"]
[Source "ChessBase"]
[SourceDate "1998.03.09"]

1. e4 d6 2. Nc3 g6 3. d4 Nf6 4. f4 Bg7 5. Nf3 O-O 6. a3 Na6 7. Be3 c5 8. dxc5
Nxc5 9. e5 Ng4 10. Bg1 b6 11. h3 Nh6 12. Bc4 Bb7 13. Qe2 Nf5 14. Bf2 Bxf3 15.
Qxf3 dxe5 16. Bd5 Nd4 17. Qd1 Rc8 18. fxe5 Nc6 19. Qe2 Nxe5 20. O-O-O Ncd7 21.
Rhe1 e6 22. Bb7 Rc7 23. Ba6 Rxc3 24. bxc3 Qe7 25. Kb2 Nc5 26. Bd4 Nc6 27. Bxg7
Kxg7 28. Bb5 Rc8 29. Rf1 Na5 30. Qe5+ Kg8 31. Qf6 Qxf6 32. Rxf6 a6 33. Bf1 Rc7
34. c4 Nd7 35. Rf4 Ne5 36. c5 b5 37. Rd8+ Kg7 38. Ra8 Rc6 39. Kc1 g5 40. Rd4
Nac4 1-0

[Event "Mitropa Cup 17th"]
[Site "Montecatini Terme"]
[Date "1997.??.??"]
[Round "2"]
[White "Golubovic, Boris"]
[Black "Ptacnikova, Lenka"]
[Result "1-0"]
[WhiteElo "2435"]
[BlackElo "2295"]
[PlyCount "83"]
[EventDate "1997.11.07"]
[EventType "team-tourn"]
[EventRounds "9"]
[EventCountry "ITA"]
[Source "ChessBase"]
[SourceDate "1998.03.09"]

1. e4 c5 2. Nf3 Nc6 3. Bb5 g6 4. O-O Bg7 5. Re1 Nf6 6. e5 Nd5 7. Nc3 Nxc3 8.
dxc3 O-O 9. Bc4 b6 10. Bf4 Bb7 11. Qd2 Na5 12. Bd5 Bxd5 13. Qxd5 Qc7 14. Rad1
Rad8 15. c4 Qc6 16. b3 h6 17. h4 Qe6 18. Rd3 Nc6 19. c3 Qf5 20. Qe4 Qe6 21. g3
Rc8 22. Kg2 Rfd8 23. Qe3 Kh7 24. h5 Rh8 25. hxg6+ fxg6 26. Rh1 Kg8 27. Bxh6
Bxe5 28. Rd5 Bf6 29. Qd3 Bg7 30. Re1 Qf7 31. Bxg7 Kxg7 32. Rxd7 Rcf8 33. Qd5
Qf5 34. Qxf5 Rxf5 35. Rc7 Rf6 36. Ne5 Nxe5 37. Rxe5 Rhf8 38. Rexe7+ Kh6 39. f4
Rh8 40. Rg7 Rd6 41. Rcd7 Rd8 42. Rh7# 1-0

[Event "Mitropa Cup 17th"]
[Site "Montecatini Terme"]
[Date "1997.??.??"]
[Round "2"]
[White "Krupkova, Petra"]
[Black "Stevic, Hrvoje"]
[Result "1/2-1/2"]
[WhiteElo "2275"]
[BlackElo "2400"]
[PlyCount "129"]
[EventDate "1997.11.07"]
[EventType "team-tourn"]
[EventRounds "9"]
[EventCountry "ITA"]
[Source "ChessBase"]
[SourceDate "1998.03.09"]

1. e4 c5 2. c3 d6 3. d4 Nf6 4. Bd3 g6 5. e5 dxe5 6. dxe5 c4 7. Qa4+ Bd7 8. Qxc4
Ng4 9. Nf3 Nc6 10. Be4 Ngxe5 11. Nxe5 Nxe5 12. Qe2 Bc6 13. O-O Bg7 14. Bf4 Bxe4
15. Qxe4 Nc6 16. Na3 O-O 17. Nc4 Qc8 18. Rfe1 Rd8 19. Ne5 Bxe5 20. Bxe5 Rd2 21.
b3 Qe6 22. Qf4 Qd7 23. c4 Nxe5 24. Qxe5 e6 25. h4 Rd8 26. h5 Qd4 27. Qxd4 R8xd4
28. hxg6 hxg6 29. Kf1 Rh4 30. Kg1 Rf4 31. Rf1 Re4 32. a3 b6 33. Rfd1 Ree2 34.
Rxd2 Rxd2 35. Rc1 Rd3 36. Rb1 e5 37. Kf1 e4 38. Ke2 Kg7 39. a4 Kf6 40. a5 Ke5
41. b4 Rc3 42. c5 bxc5 43. bxc5 Rc2+ 44. Ke1 Rxc5 45. Rb7 Rxa5 46. Rxf7 Ra2 47.
Rg7 Kf6 48. Rg8 a5 49. Re8 Kf5 50. Rf8+ Ke5 51. Rg8 a4 52. Rxg6 a3 53. Ra6 Kd4
54. g4 Kc3 55. g5 Kb3 56. g6 Ra1+ 57. Ke2 Rg1 58. Ke3 a2 59. Kxe4 Rxg6 60. Rxa2
Kxa2 61. f4 Kb3 62. f5 Rg1 63. f6 Kc4 64. Ke5 Re1+ 65. Kd6 1/2-1/2

[Event "Mitropa Cup 17th"]
[Site "Montecatini Terme"]
[Date "1997.??.??"]
[Round "2"]
[White "Orsag, Milan"]
[Black "Zelcic, Robert"]
[Result "0-1"]
[WhiteElo "2350"]
[BlackElo "2530"]
[PlyCount "68"]
[EventDate "1997.11.07"]
[EventType "team-tourn"]
[EventRounds "9"]
[EventCountry "ITA"]
[Source "ChessBase"]
[SourceDate "1998.03.09"]

1. Nf3 Nf6 2. c4 e6 3. d4 Bb4+ 4. Nbd2 b6 5. e3 Bb7 6. Bd3 O-O 7. O-O d5 8. Qc2
c5 9. dxc5 bxc5 10. a3 Bxd2 11. Bxd2 Nbd7 12. Bc3 Qc7 13. cxd5 exd5 14. Bf5
Rfe8 15. Bxd7 Nxd7 16. Qf5 a5 17. Rac1 a4 18. Rfd1 Ra6 19. h4 h6 20. h5 Nf6 21.
Be5 Qe7 22. Bxf6 Rxf6 23. Qg4 Bc6 24. Rc3 Qd6 25. Rdc1 Bd7 26. Qh4 Re4 27. Qh2
Qxh2+ 28. Kxh2 c4 29. Nd2 Re5 30. Kg1 Rb6 31. Rd1 Bg4 32. f3 Bxh5 33. e4 Rxb2
34. Kf1 f5 0-1

[Event "Mitropa Cup 17th"]
[Site "Montecatini Terme"]
[Date "1997.??.??"]
[Round "2"]
[White "Palac, Mladen"]
[Black "Vokac, Marek"]
[Result "1-0"]
[WhiteElo "2575"]
[BlackElo "2480"]
[PlyCount "69"]
[EventDate "1997.11.07"]
[EventType "team-tourn"]
[EventRounds "9"]
[EventCountry "ITA"]
[Source "ChessBase"]
[SourceDate "1998.03.09"]

1. e4 c5 2. Nf3 Nc6 3. d4 cxd4 4. Nxd4 e5 5. Nb5 a6 6. Nd6+ Bxd6 7. Qxd6 Qf6 8.
Qc7 Nge7 9. Nc3 Nb4 10. Bd3 d5 11. O-O d4 12. Na4 Nxd3 13. cxd3 Qc6 14. Qxc6+
Nxc6 15. Nb6 Rb8 16. Bd2 Be6 17. f4 f6 18. b4 Kd8 19. a4 Kc7 20. a5 Rbd8 21.
Rab1 Kb8 22. b5 axb5 23. Rxb5 Ka7 24. Rfb1 Rhe8 25. f5 Bd7 26. Nc4 Bc8 27. Bc1
g6 28. fxg6 hxg6 29. Ba3 Re6 30. Bc5+ Ka8 31. a6 bxa6 32. Rb6 Rd7 33. Na5 Rc7
34. Nxc6 Bb7 35. Rxa6+ 1-0

[Event "Mitropa Cup 17th"]
[Site "Montecatini Terme"]
[Date "1997.??.??"]
[Round "2"]
[White "Pavasovic, Dusko"]
[Black "Mrva, Martin"]
[Result "1-0"]
[WhiteElo "2495"]
[BlackElo "2395"]
[PlyCount "49"]
[EventDate "1997.11.07"]
[EventType "team-tourn"]
[EventRounds "9"]
[EventCountry "ITA"]
[Source "ChessBase"]
[SourceDate "1998.03.09"]

1. e4 c5 2. c3 Qa5 3. a3 e5 4. Nf3 Nc6 5. Bc4 Be7 6. Qb3 Nh6 7. d4 cxd4 8. Bxh6
gxh6 9. Bxf7+ Kd8 10. O-O Rf8 11. cxd4 exd4 12. Bd5 Bc5 13. Nbd2 Qb6 14. Qd3 a5
15. Nb3 d6 16. Qd2 Bd7 17. Rac1 Rxf3 18. gxf3 Ne7 19. Qxh6 Nxd5 20. Nxc5 dxc5
21. Qf8+ Kc7 22. Rxc5+ Bc6 23. Rxc6+ Qxc6 24. Qxa8 Qf6 25. exd5 1-0

[Event "Mitropa Cup 17th"]
[Site "Montecatini Terme"]
[Date "1997.??.??"]
[Round "2"]
[White "Tabernig, Bernhard"]
[Black "Wirthensohn, Heinz"]
[Result "1/2-1/2"]
[WhiteElo "2310"]
[BlackElo "2365"]
[PlyCount "97"]
[EventDate "1997.11.07"]
[EventType "team-tourn"]
[EventRounds "9"]
[EventCountry "ITA"]
[Source "ChessBase"]
[SourceDate "1998.03.09"]

1. d4 Nf6 2. c4 e6 3. Nc3 Bb4 4. Qc2 O-O 5. a3 Bxc3+ 6. Qxc3 b6 7. Bg5 Ba6 8.
e3 d6 9. Bd3 Nbd7 10. Ne2 c5 11. b4 h6 12. Bh4 cxd4 13. exd4 Rc8 14. Qb3 e5 15.
Rc1 e4 16. Bb1 d5 17. b5 Bb7 18. O-O Rxc4 19. Rxc4 dxc4 20. Qxc4 Qa8 21. Ba2
Bd5 22. Qc2 Bxa2 23. Qxa2 Qd5 24. Qb2 Rc8 25. Bg3 Nf8 26. Be5 N6d7 27. Nc3 Qc4
28. Nxe4 Nxe5 29. Nd6 Qc3 30. Qxc3 Rxc3 31. dxe5 Rxa3 32. Rc1 Ne6 33. f4 Nxf4
34. Rc8+ Kh7 35. Nxf7 Rb3 36. g3 Nh3+ 37. Kg2 Ng5 38. Nxg5+ hxg5 39. e6 Re3 40.
Re8 Kg6 41. Re7 Re5 42. Rxa7 Rxe6 43. Rc7 g4 44. h4 gxh3+ 45. Kxh3 Kf6 46. Kg4
Re4+ 47. Kf3 Re5 48. Rc6+ Re6 49. Rc7 1/2-1/2

[Event "Mitropa Cup 17th"]
[Site "Montecatini Terme"]
[Date "1997.??.??"]
[Round "2"]
[White "Tratar, Marko"]
[Black "Helbich, Jan"]
[Result "1-0"]
[WhiteElo "2395"]
[BlackElo "2195"]
[PlyCount "87"]
[EventDate "1997.11.07"]
[EventType "team-tourn"]
[EventRounds "9"]
[EventCountry "ITA"]
[Source "ChessBase"]
[SourceDate "1998.03.09"]

1. Nf3 Nf6 2. c4 g6 3. Nc3 Bg7 4. e4 d6 5. d4 O-O 6. Be2 e5 7. O-O Nc6 8. d5
Ne7 9. Nd2 a5 10. a3 Bd7 11. Rb1 a4 12. b4 axb3 13. Nxb3 b6 14. Ra1 Ne8 15. Be3
f5 16. f3 f4 17. Bf2 g5 18. a4 Nf6 19. a5 bxa5 20. Rxa5 Rxa5 21. Nxa5 h5 22. c5
Ng6 23. Nc6 Qc8 24. Nb5 dxc5 25. Bxc5 Re8 26. Nba7 Qa8 27. Qb3 Kh8 28. Rb1 Bf8
29. Bf2 Bd6 30. Qb7 Ng8 31. Nb8 Qxb7 32. Rxb7 Bc8 33. Rb1 N6e7 34. Bb5 Rf8 35.
Nxc8 Nxc8 36. Nd7 Rd8 37. Nc5 Nce7 38. Ne6 Rb8 39. Nxg5 Kg7 40. Bd3 Rxb1+ 41.
Bxb1 c6 42. Ne6+ Kg6 43. dxc6 Nxc6 44. Nxf4+ 1-0

[Event "Mitropa Cup 17th"]
[Site "Montecatini Terme"]
[Date "1997.??.??"]
[Round "2"]
[White "Varga, Zoltan"]
[Black "Marzolo, Cyril"]
[Result "1/2-1/2"]
[WhiteElo "2495"]
[BlackElo "2320"]
[PlyCount "36"]
[EventDate "1997.11.07"]
[EventType "team-tourn"]
[EventRounds "9"]
[EventCountry "ITA"]
[Source "ChessBase"]
[SourceDate "1998.03.09"]

1. e4 c5 2. Nf3 Nc6 3. d4 cxd4 4. Nxd4 g6 5. c4 Nf6 6. Nc3 d6 7. Be2 Nxd4 8.
Qxd4 Bg7 9. O-O O-O 10. Qd3 Nd7 11. Be3 Nc5 12. Qc2 Bxc3 13. bxc3 Qa5 14. f3
Be6 15. Rab1 Qa6 16. h4 Qc6 17. Rfd1 h6 18. h5 Na6 1/2-1/2

[Event "Mitropa Cup 17th"]
[Site "Montecatini Terme"]
[Date "1997.??.??"]
[Round "2"]
[White "Weiss, Christian"]
[Black "Ekstroem, Roland"]
[Result "1/2-1/2"]
[WhiteElo "2325"]
[BlackElo "2475"]
[PlyCount "76"]
[EventDate "1997.11.07"]
[EventType "team-tourn"]
[EventRounds "9"]
[EventCountry "ITA"]
[Source "ChessBase"]
[SourceDate "1998.03.09"]

1. d4 Nf6 2. Nf3 d5 3. c4 e6 4. Nc3 dxc4 5. e3 a6 6. Bxc4 b5 7. Bd3 Bb7 8. O-O
Nbd7 9. Qe2 c5 10. Rd1 Qb8 11. h3 Bd6 12. Ng5 cxd4 13. exd4 O-O 14. Nce4 h6 15.
Nxd6 Qxd6 16. Nf3 Rfe8 17. Be3 Nd5 18. Rac1 Rac8 19. Bb1 Nf4 20. Bxf4 Qxf4 21.
Qe3 Qd6 22. Be4 Bd5 23. Bxd5 Qxd5 24. Qa3 Rc6 25. Rxc6 Qxc6 26. Ne5 Qc2 27. Qd3
Qc7 28. Nxd7 Qxd7 29. Qa3 Ra8 30. b3 a5 31. Qc5 Rc8 32. Qb6 a4 33. bxa4 bxa4
34. Qa5 Rd8 35. d5 exd5 36. Rd4 g6 37. Qxa4 Qe6 38. Qd1 h5 1/2-1/2

[Event "Mitropa Cup 17th"]
[Site "Montecatini Terme"]
[Date "1997.??.??"]
[Round "2"]
[White "Wilhelmi, Christian"]
[Black "Sarno, Spartaco"]
[Result "1/2-1/2"]
[WhiteElo "2405"]
[BlackElo "2400"]
[PlyCount "119"]
[EventDate "1997.11.07"]
[EventType "team-tourn"]
[EventRounds "9"]
[EventCountry "ITA"]
[Source "ChessBase"]
[SourceDate "1998.03.09"]

1. c4 e5 2. Nc3 Nf6 3. Nf3 Nc6 4. a3 d5 5. cxd5 Nxd5 6. Qc2 Nb6 7. e3 Bd6 8.
Bd3 h6 9. b4 O-O 10. Be2 f5 11. d3 Qe7 12. Bb2 Be6 13. O-O Rac8 14. Nd2 Qf7 15.
Bf3 Nd8 16. Rac1 c5 17. bxc5 Rxc5 18. Qb1 Ra5 19. Rc2 Qe7 20. Ba1 Qd7 21. Be2
Bxa3 22. Nb3 Bxb3 23. Qxb3+ Qf7 24. Qb1 Bd6 25. Nb5 Bb8 26. Bc3 Ra4 27. Bb4 Re8
28. Bd6 Nc6 29. Bxb8 Rxb8 30. Nxa7 Rb4 31. Rb2 Rxb2 32. Qxb2 Nxa7 33. Qxb6 Nc8
34. Qd8+ Kh7 35. Rb1 Qe7 36. Qd5 Nd6 37. Rb6 Rd8 38. Qb3 Rd7 39. Bf3 g6 40. Bd5
Kg7 41. g3 h5 42. Qb2 Kh7 43. Kg2 Rc7 44. h4 Rd7 45. Kh2 Rc7 46. Qb4 Rd7 47.
Qc5 Kg7 48. Kg2 Kh7 49. Ba2 Kh6 50. Bb3 Rd8 51. Ba2 Rd7 52. Bd5 Kh7 53. d4 exd4
54. exd4 f4 55. Bf3 fxg3 56. fxg3 Nf5 57. Qxe7+ Rxe7 58. Rxb7 Rxb7 59. Bxb7
Nxd4 60. Be4 1/2-1/2

[Event "Mitropa Cup 17th"]
[Site "Montecatini Terme"]
[Date "1997.??.??"]
[Round "3"]
[White "Bellini, Fabio"]
[Black "Balogh, Tomas"]
[Result "1-0"]
[WhiteElo "2415"]
[BlackElo "2390"]
[PlyCount "59"]
[EventDate "1997.11.07"]
[EventType "team-tourn"]
[EventRounds "9"]
[EventCountry "ITA"]
[Source "ChessBase"]
[SourceDate "1998.03.09"]

1. e4 e5 2. Nf3 Nf6 3. Nxe5 d6 4. Nc4 Nxe4 5. d4 d5 6. Ne3 Qf6 7. Qe2 Be6 8. c3
c6 9. Nd2 Nxd2 10. Qxd2 Nd7 11. Bd3 Bd6 12. O-O O-O-O 13. Qc2 g5 14. f4 Bxf4
15. Nf5 Kb8 16. Bxf4+ gxf4 17. Qf2 h5 18. Qxf4+ Ka8 19. Rf2 Rdg8 20. Qc7 Rc8
21. Qd6 Qg6 22. Qf4 Rcg8 23. Re1 h4 24. h3 Qg5 25. Qxg5 Rxg5 26. Nd6 Rhg8 27.
Kh1 Nb6 28. Nxf7 Bxf7 29. Rxf7 Rxg2 30. Bh7 1-0

[Event "Mitropa Cup 17th"]
[Site "Montecatini Terme"]
[Date "1997.??.??"]
[Round "3"]
[White "Brod, Manfred"]
[Black "Tratar, Marko"]
[Result "0-1"]
[WhiteElo "2270"]
[BlackElo "2395"]
[PlyCount "126"]
[EventDate "1997.11.07"]
[EventType "team-tourn"]
[EventRounds "9"]
[EventCountry "ITA"]
[Source "ChessBase"]
[SourceDate "1998.03.09"]

1. e4 c5 2. Nf3 d6 3. d4 cxd4 4. Nxd4 Nf6 5. Nc3 Nc6 6. Be2 e6 7. O-O Be7 8.
Be3 O-O 9. f4 a6 10. a4 Qc7 11. Kh1 Re8 12. Bd3 Bd7 13. Qf3 Nb4 14. a5 Bc6 15.
Qg3 Bf8 16. Nf3 Nd7 17. Qf2 Nc5 18. Rfd1 Rac8 19. e5 Ncxd3 20. cxd3 Bxf3 21.
Qxf3 dxe5 22. fxe5 Qxe5 23. Rf1 Qc7 24. Ne4 f5 25. Ng5 h6 26. Nh3 Qd7 27. Nf4
Nc2 28. Rac1 Nxe3 29. Qxe3 Rxc1 30. Rxc1 e5 31. Re1 Kf7 32. Nh5 g6 33. Ng3 Kg7
34. Qb6 Re6 35. Qb3 Bc5 36. Rc1 Rc6 37. Qa4 Be3 38. Rd1 Qd4 39. Qa3 Qc5 40. Qb3
Rc7 41. Rf1 f4 42. Ne4 Qc1 43. Rd1 Qc2 44. Qxc2 Rxc2 45. Rb1 Kf8 46. h4 Ke7 47.
b4 Rc1+ 48. Rxc1 Bxc1 49. g3 fxg3 50. Kg2 Ba3 51. Nc3 Kd7 52. b5 axb5 53. Nxb5
Bb4 54. d4 Kc6 55. Na7+ Kd5 56. dxe5 Bxa5 57. Kxg3 h5 58. Nc8 Kxe5 59. Ne7 Be1+
60. Kf3 Kf6 61. Nd5+ Kf7 62. Nf4 Bxh4 63. Nd3 Bf6 0-1

[Event "Mitropa Cup 17th"]
[Site "Montecatini Terme"]
[Date "1997.??.??"]
[Round "3"]
[White "Czebe, Attila"]
[Black "Golubovic, Boris"]
[Result "1/2-1/2"]
[WhiteElo "2480"]
[BlackElo "2435"]
[PlyCount "58"]
[EventDate "1997.11.07"]
[EventType "team-tourn"]
[EventRounds "9"]
[EventCountry "ITA"]
[Source "ChessBase"]
[SourceDate "1998.03.09"]

1. e4 e6 2. d4 d5 3. e5 c5 4. c3 Qb6 5. Nf3 Bd7 6. Be2 cxd4 7. cxd4 Bb5 8. Qb3
Bxe2 9. Qxb6 axb6 10. Kxe2 Nc6 11. Nc3 f6 12. exf6 gxf6 13. Bf4 Nge7 14. g4 Kd7
15. h4 h5 16. g5 Ng6 17. Bg3 f5 18. Ne5+ Ncxe5 19. Bxe5 Rg8 20. f4 Bb4 21. Nd1
Rgc8 22. Nf2 Rc2+ 23. Kf1 Be7 24. Rh3 Rxb2 25. Rc3 Bd6 26. Nd3 Rbxa2 27. Rxa2
Rxa2 28. Bxd6 Kxd6 29. Rc8 Ra4 1/2-1/2

[Event "Mitropa Cup 17th"]
[Site "Montecatini Terme"]
[Date "1997.??.??"]
[Round "3"]
[White "Ekstroem, Roland"]
[Black "Anic, Darko"]
[Result "1/2-1/2"]
[WhiteElo "2475"]
[BlackElo "2445"]
[PlyCount "101"]
[EventDate "1997.11.07"]
[EventType "team-tourn"]
[EventRounds "9"]
[EventCountry "ITA"]
[Source "ChessBase"]
[SourceDate "1998.03.09"]

1. e4 e5 2. Nc3 Nf6 3. Nf3 Nc6 4. d4 exd4 5. Nxd4 Bb4 6. Nxc6 bxc6 7. Bd3 d5 8.
exd5 cxd5 9. O-O O-O 10. Bg5 c6 11. Qf3 Bd6 12. Na4 Be6 13. h3 Re8 14. Rad1 h6
15. Bf4 Bf8 16. b3 Nd7 17. Ba6 Qe7 18. Rfe1 Nb6 19. Nc3 Rad8 20. Qg3 Qf6 21.
Be5 Qf5 22. Bd3 Qg5 23. Ne2 Bd7 24. Bc3 c5 25. Qxg5 hxg5 26. Ng3 c4 27. Bf5
Bxf5 28. Nxf5 g6 29. Rxe8 Rxe8 30. Ne3 Bg7 31. Bxg7 Kxg7 32. Nxd5 Nxd5 33. Rxd5
Re1+ 34. Kh2 Re2 35. bxc4 Rxf2 36. Rxg5 f5 37. Rg3 Rxc2 38. Ra3 Rxc4 39. Rxa7+
Kf6 40. Ra6+ Kg5 41. Rb6 Ra4 42. Rb2 f4 43. Kg1 Kh4 44. Rf2 g5 45. Kh2 Ra3 46.
Rb2 g4 47. hxg4 Kxg4 48. Rf2 f3 49. Kg1 Kg3 50. gxf3 Rxf3 51. Rxf3+ 1/2-1/2

[Event "Mitropa Cup 17th"]
[Site "Montecatini Terme"]
[Date "1997.??.??"]
[Round "3"]
[White "Grosar, Aljosa"]
[Black "Tabernig, Bernhard"]
[Result "1-0"]
[WhiteElo "2455"]
[BlackElo "2310"]
[PlyCount "45"]
[EventDate "1997.11.07"]
[EventType "team-tourn"]
[EventRounds "9"]
[EventCountry "ITA"]
[Source "ChessBase"]
[SourceDate "1998.03.09"]

1. e4 e6 2. d4 d5 3. e5 c5 4. c3 Nc6 5. Nf3 Qb6 6. a3 Nh6 7. b4 cxd4 8. cxd4
Nf5 9. Bb2 Be7 10. Bd3 a5 11. Bxf5 exf5 12. Nc3 Be6 13. b5 a4 14. Ra2 Nb8 15.
O-O Nd7 16. Nxa4 Qxb5 17. Nc3 Qc4 18. Qb1 O-O 19. Rc1 Rfc8 20. h4 h6 21. a4 Bb4
22. Ba1 Rc6 23. Ne2 1-0

[Event "Mitropa Cup 17th"]
[Site "Montecatini Terme"]
[Date "1997.??.??"]
[Round "3"]
[White "Horvath, Csaba"]
[Black "Palac, Mladen"]
[Result "1/2-1/2"]
[WhiteElo "2530"]
[BlackElo "2575"]
[PlyCount "26"]
[EventDate "1997.11.07"]
[EventType "team-tourn"]
[EventRounds "9"]
[EventCountry "ITA"]
[Source "ChessBase"]
[SourceDate "1998.03.09"]

1. e4 c5 2. Nf3 d6 3. c3 Nf6 4. Be2 g6 5. O-O Bg7 6. Bb5+ Bd7 7. Bxd7+ Qxd7 8.
Qe2 Nc6 9. d4 Nxd4 10. cxd4 d5 11. e5 Ne4 12. Nbd2 Nxd2 13. Bxd2 O-O 1/2-1/2

[Event "Mitropa Cup 17th"]
[Site "Montecatini Terme"]
[Date "1997.??.??"]
[Round "3"]
[White "Le Roux, Jean Pierre"]
[Black "Moor, Roger"]
[Result "1-0"]
[WhiteElo "2265"]
[BlackElo "2280"]
[PlyCount "69"]
[EventDate "1997.11.07"]
[EventType "team-tourn"]
[EventRounds "9"]
[EventCountry "ITA"]
[Source "ChessBase"]
[SourceDate "1998.03.09"]

1. e4 c5 2. Nf3 d6 3. c3 Nf6 4. Be2 Nbd7 5. d3 b6 6. O-O Bb7 7. a4 g6 8. Na3
Bg7 9. Bg5 O-O 10. Qd2 Qc7 11. Rfe1 Rad8 12. Bd1 Rfe8 13. Bb3 Ne5 14. Nxe5 dxe5
15. Qe2 Nh5 16. g3 Rf8 17. Nb5 Qd7 18. Nxa7 h6 19. Be3 Ba6 20. Nb5 Kh7 21. Bc4
f5 22. exf5 Rxf5 23. Nd6 exd6 24. Bxa6 Rdf8 25. a5 bxa5 26. Rxa5 Nf4 27. gxf4
exf4 28. Bd2 Re5 29. Qf3 Rh5 30. Bc4 d5 31. Bb3 Qb7 32. Ra3 Qd7 33. d4 c4 34.
Bc2 Rf6 35. Qxh5 1-0

[Event "Mitropa Cup 17th"]
[Site "Montecatini Terme"]
[Date "1997.??.??"]
[Round "3"]
[White "Marzolo, Cyril"]
[Black "Forster, Richard"]
[Result "1-0"]
[WhiteElo "2320"]
[BlackElo "2460"]
[PlyCount "77"]
[EventDate "1997.11.07"]
[EventType "team-tourn"]
[EventRounds "9"]
[EventCountry "ITA"]
[Source "ChessBase"]
[SourceDate "1998.03.09"]

1. d4 Nf6 2. c4 g6 3. Nc3 Bg7 4. e4 d6 5. f3 O-O 6. Bg5 a6 7. Qd2 c5 8. d5 b5
9. cxb5 Nbd7 10. a4 Qa5 11. Ra3 Qb4 12. Qc2 c4 13. Bd2 Qc5 14. Nb1 axb5 15. Be3
Qb4+ 16. Bd2 c3 17. Bxc3 Qc5 18. Bxb5 Ne5 19. Qf2 Qc7 20. Ne2 Nc4 21. Bxc4 Qxc4
22. Nd2 Qc7 23. O-O Ba6 24. Rc1 Bxe2 25. Qxe2 Bh6 26. Rb1 Qa7+ 27. Kh1 Nh5 28.
g3 Rfc8 29. Nc4 Rab8 30. b4 Nf6 31. Na5 Qxa5 32. bxa5 Rxb1+ 33. Kg2 Rc1 34. a6
Nd7 35. a7 Ra8 36. Bd4 Nc5 37. Qb2 Na6 38. Qb7 Nc7 39. Rc3 1-0

[Event "Mitropa Cup 17th"]
[Site "Montecatini Terme"]
[Date "1997.??.??"]
[Round "3"]
[White "Mohr, Georg"]
[Black "Baumegger, Siegfried"]
[Result "0-1"]
[WhiteElo "2480"]
[BlackElo "2485"]
[PlyCount "102"]
[EventDate "1997.11.07"]
[EventType "team-tourn"]
[EventRounds "9"]
[EventCountry "ITA"]
[Source "ChessBase"]
[SourceDate "1998.03.09"]

1. e4 c5 2. Nf3 Nc6 3. d4 cxd4 4. Nxd4 Nf6 5. Nc3 d6 6. g3 g6 7. Nde2 Bg4 8.
Bg2 Qc8 9. h3 Bd7 10. Nf4 Bg7 11. O-O O-O 12. Kh2 Re8 13. Nd3 Be6 14. Nd5 Na5
15. a4 Nxd5 16. exd5 Bf5 17. Ra2 Qc4 18. Ra3 Rac8 19. Bd2 b6 20. g4 Bxd3 21.
cxd3 Qc2 22. Bxa5 bxa5 23. Rb3 Qxd1 24. Rxd1 Rb8 25. Rxb8 Rxb8 26. Kg3 Bxb2 27.
Re1 Rb4 28. Rxe7 Bd4 29. Rc7 Rxa4 30. Rc4 Rb4 31. f4 Kg7 32. Bf3 Rxc4 33. dxc4
a4 34. Bd1 a3 35. Bb3 f5 36. Kf3 Kf6 37. Ba2 Ke7 38. Bb1 Kd8 39. gxf5 gxf5 40.
Ke2 Ke7 41. Kd3 Bf2 42. Kc3 Kf6 43. Kb3 Be3 44. Kxa3 Bxf4 45. Kb4 Be3 46. Kc3
Bc5 47. Bc2 Kg5 48. Kd2 a5 49. Ke2 Kf4 50. Kf1 h6 51. Ke2 Bb6 0-1

[Event "Mitropa Cup 17th"]
[Site "Montecatini Terme"]
[Date "1997.??.??"]
[Round "3"]
[White "Mrva, Vladimir"]
[Black "Sarno, Spartaco"]
[Result "1/2-1/2"]
[WhiteElo "2275"]
[BlackElo "2400"]
[PlyCount "57"]
[EventDate "1997.11.07"]
[EventType "team-tourn"]
[EventRounds "9"]
[EventCountry "ITA"]
[Source "ChessBase"]
[SourceDate "1998.03.09"]

1. e4 d6 2. d4 Nf6 3. Nc3 g6 4. Nf3 Bg7 5. Be2 O-O 6. O-O c6 7. a4 a5 8. h3 Na6
9. Be3 Nb4 10. Qd2 Qc7 11. Rac1 Rd8 12. Bh6 Bh8 13. Qf4 Ne8 14. Rfd1 d5 15. e5
Ng7 16. Qd2 Ne6 17. Ng5 Nxg5 18. Bxg5 f6 19. exf6 exf6 20. Bf4 Qf7 21. Re1 g5
22. Bg3 Bf5 23. Nd1 Re8 24. Ne3 Bg6 25. c3 Na6 26. Nf1 Nc7 27. Bd3 Ne6 28. Bxg6
Qxg6 29. Nh2 1/2-1/2

[Event "Mitropa Cup 17th"]
[Site "Montecatini Terme"]
[Date "1997.??.??"]
[Round "3"]
[White "Naumann, Alexander"]
[Black "Krupkova, Petra"]
[Result "1/2-1/2"]
[WhiteElo "2385"]
[BlackElo "2275"]
[PlyCount "89"]
[EventDate "1997.11.07"]
[EventType "team-tourn"]
[EventRounds "9"]
[EventCountry "ITA"]
[Source "ChessBase"]
[SourceDate "1998.03.09"]

1. c4 e5 2. Nc3 Nf6 3. Nf3 Nc6 4. a3 d5 5. cxd5 Nxd5 6. Qc2 Nxc3 7. bxc3 Bd6 8.
g3 O-O 9. Bg2 f5 10. d3 Qf6 11. O-O Kh8 12. Bb2 Bd7 13. Nd2 Rae8 14. Nb3 Nd8
15. a4 Bc6 16. e4 b6 17. f3 f4 18. g4 Bb7 19. a5 c5 20. axb6 axb6 21. Rfd1 Nc6
22. Bf1 Rc8 23. Nd2 Na5 24. Rab1 Rfd8 25. Ba1 Bc7 26. Nb3 Nxb3 27. Qxb3 Ra8 28.
d4 Bc6 29. dxe5 Qxe5 30. c4 Qe7 31. Qc3 h6 32. Bb2 Re8 33. Ra1 Rxa1 34. Bxa1
Qg5 35. h4 Qg6 36. Bh3 Be5 37. Qc1 Bxa1 38. Qxa1 h5 39. g5 b5 40. Qa7 Bxe4 41.
Qxc5 Bxf3 42. Bf5 Qf7 43. Rf1 Be2 44. Rxf4 Bxc4 45. g6 1/2-1/2

[Event "Mitropa Cup 17th"]
[Site "Montecatini Terme"]
[Date "1997.??.??"]
[Round "3"]
[White "Ptacnikova, Lenka"]
[Black "Wilhelmi, Christian"]
[Result "0-1"]
[WhiteElo "2295"]
[BlackElo "2405"]
[PlyCount "86"]
[EventDate "1997.11.07"]
[EventType "team-tourn"]
[EventRounds "9"]
[EventCountry "ITA"]
[Source "ChessBase"]
[SourceDate "1998.03.09"]

1. e4 c5 2. Nf3 Nc6 3. d4 cxd4 4. Nxd4 e6 5. Nb5 d6 6. c4 Nf6 7. N1c3 a6 8. Na3
Be7 9. Bd3 d5 10. exd5 exd5 11. cxd5 Nxd5 12. Nxd5 Qxd5 13. O-O Bf5 14. Bxf5
Qxf5 15. Qb3 b5 16. Qc3 Qg6 17. Qc2 O-O 18. Qxg6 hxg6 19. Nc2 Bf6 20. Rb1 Rfd8
21. Be3 a5 22. b4 axb4 23. Nxb4 Nxb4 24. Rxb4 Rd5 25. Rc1 Rxa2 26. Rc8+ Kh7 27.
g3 Rb2 28. Re4 g5 29. Kg2 Kg6 30. Kf3 Rf5+ 31. Kg4 Re5 32. Rxe5 Bxe5 33. Rc6+
f6 34. Bxg5 Rxf2 35. h4 b4 36. Be3 Rf1 37. Rb6 Bc3 38. h5+ Kh7 39. Bf4 Rb1 40.
Rb7 b3 41. h6 f5+ 42. Kxf5 b2 43. hxg7 Rf1 0-1

[Event "Mitropa Cup 17th"]
[Site "Montecatini Terme"]
[Date "1997.??.??"]
[Round "3"]
[White "Vokac, Marek"]
[Black "Teske, Henrik"]
[Result "1-0"]
[WhiteElo "2480"]
[BlackElo "2515"]
[PlyCount "101"]
[EventDate "1997.11.07"]
[EventType "team-tourn"]
[EventRounds "9"]
[EventCountry "ITA"]
[Source "ChessBase"]
[SourceDate "1998.03.09"]

1. g3 d5 2. Bg2 Nf6 3. Nf3 Bg4 4. O-O Nbd7 5. d3 e5 6. Nc3 d4 7. Nb1 Bc5 8. c3
O-O 9. b4 Bb6 10. Bb2 Re8 11. Nfd2 c5 12. b5 Rb8 13. Nc4 Bc7 14. Nbd2 Re6 15.
Re1 a5 16. Qb3 b6 17. e3 dxc3 18. Bxc3 Qe7 19. f3 Bf5 20. e4 Bg6 21. Bh3 h5 22.
Kg2 h4 23. Bxe6 Qxe6 24. Ne3 Qe7 25. Ndc4 Rd8 26. Rad1 hxg3 27. hxg3 Nh5 28.
Rg1 Nf8 29. Kf2 Qg5 30. Ng4 Re8 31. Nce3 Ne6 32. Nd5 Bd6 33. Qc4 Qd8 34. Nxe5
Ng5 35. Nxg6 Nh3+ 36. Ke2 Nxg1+ 37. Rxg1 Qg5 38. Nge7+ Bxe7 39. Bd2 Nxg3+ 40.
Kd1 Qg6 41. Nf4 Qf6 42. Rxg3 Bd6 43. Rg4 Rd8 44. Ke2 Be5 45. Nd5 Qe6 46. Bc3
Kf8 47. Rg5 Bxc3 48. Qxc3 f6 49. Rh5 Kf7 50. Qc4 Kg6 51. Nf4+ 1-0